| 000 | 00483nam a22001937a 4500 | ||
|---|---|---|---|
| 001 | 21563 | ||
| 005 | 20260314163554.0 | ||
| 008 | 260314b |||||||| |||| 00| 0 spa d | ||
| 041 | _aESP | ||
| 082 |
_a338.4791 _bM514 |
||
| 100 |
_aMcIntosch, Robert W. _eAUT |
||
| 245 |
_aTurismo: _bplaneación, administración y perspectivas |
||
| 260 |
_a : _b , _c2000 |
||
| 300 |
_a593 páginas : _b ; _c25 cm. |
||
| 440 | _a ; | ||
| 650 | _aGEN | ||
| 700 | _a; | ||
| 942 |
_cLIB _dJUS _fJUS _2ddc |
||
| 999 |
_c21563 _d21563 |
||